000 003970000a22001330004500
041 0 _aSPA
082 0 4 _aG 863 R586n
100 1 _aRíos, Roberto E. (1925-)
245 1 0 _aLa novela y el hombre hispanoamericano : El destino humano en la novela hispanoamericana contemporánea / Roberto E, Ríos
260 _aBuenos Aires, Argentina : La Aurora
300 _a132 Pag
001 11097
942 _cBK
999 _c40468
_d40468